00425nam a2200169Ia 4500003000400000005001700004008004100021020001500062050002800077100001900105245004200124260003500166300003300201440000600234521000700240526000800247OSt20140311163113.0140130s9999 xx 000 0 und d a0439327628 aPZ 10.3b.D2865Bat 2001 aDavies, Nicola aBat loves the night /cDavies, Nicola bScholastic,c2001.aNew York : a28 p. :bcol. ill. ;c26 cm. v1 aG3 c560